000 00457nam a22001937a 4500
003 MPLRDC
005 20220104114736.0
008 210129b ||||| |||| 00| 0 eng d
020 _a957-585-025-4
082 _a848.2 LQX-16 c.3*
100 _a林青玄著
245 _a身心安顿
_c
250 _a一版六十七
260 _a
_b洪建全基金会
_c1992
300 _b
490 _a文经丛书
650 _a
942 _cBK
_o848.2 LQX-16 c.3*
999 _c9862
_d9852